Представителност и правила в тристранното сътрудничество : (Запис номер 374886)
[ съкратено ]
| 000 -Лидер | |
|---|---|
| Контролно поле с фиксирана дължина | nam a22 a 4500 |
| 003 - Код на организацията, давaща контролен номер | |
| Контролно поле | BLK |
| 005 - Дата и час на последна редакция | |
| Контролно поле | 20200714121028.0 |
| 008 - Елементи от данни с фиксирана дължина | |
| fixed length control field | 180412b bul|||||r ||||||| ||bul|| |
| 040 ## - Източник на каталожния запис | |
| Идентификатор на билиотеката - собственик на записа | BLK |
| 041 ## - Код за език | |
| Код за езика на текст/звукозапис или на отделно заглавие | Български |
| Код за езика КДБФ | Български |
| 080 ## - УДК | |
| Текстов определител УДК | Трудово законодателство. Работническо законодателство. Социално законодателство |
| УДК код - определител по УДК | 351.83 |
| УДК определител | :331.1(497.2)(094.9) |
| УДК - код + определител | 351.83:331.1(497.2)(094.9) |
| 100 1# - Редна дума - Автор | |
| Автор | Трендафилов, Йордан Рачев |
| Авторска отговорност | първи автор |
| R(LIN) | 245914 |
| 139 ## - Редно поле | |
| Редна дума | Трендафилов, Йордан Рачев |
| 245 10 - Сведения за заглавието | |
| Заглавие | Представителност и правила в тристранното сътрудничество : |
| Подзаглавни данни | Комент. и сб. нормат. и др. актове по тристр. сътрудничество |
| Редно поле (дума) | Йордан Рачев Трендафилов |
| 257 ## - Страна на издаване | |
| Страна на създаване/издаване | България |
| 260 ## - Област на издателските данни | |
| Място на издаване, разпространение и проч. | София |
| Име на издателя, разпространителя и проч. | Дикта-Интелект |
| Година на издаване | 1994 |
| 300 ## - Физическа характеристика | |
| Страници | 64 с. |
| Размери/Мащаб | 22 см |
| 380 ## - Жанр | |
| Жанр | Обществени науки |
| 490 1# - СЕРИИ (Колекции) | |
| Име на серия | Библиотека Трудово право |
| 490 1# - СЕРИИ (Колекции) | |
| Име на серия | Консултации по новата трудово-правна уредба |
| №: серия | 1 |
| 650 #4 - Допълнително описание по предмет – тема | |
| Основно описание – тема или топоним | Кодекс на труда - България - коментар |
| 9 (RLIN) | 245211 |
| 852 ## - Местоположение | |
| Форматна сигнатура | Цб 177794 |
| 856 4# - Електронен адрес и достъп | |
| Електронен формат | pdf - файл |
| Път до файла /url/ | |
| 856 4# - Електронен адрес и достъп | |
| Електронен формат | pdf - файл |
| Път до файла /url/ | |
| 999 ## - СИСТЕМНИ КОНТРОЛНИ НОМЕРА | |
| Koha biblionumber | 374886 |
| Koha biblioitemnumber | 374886 |
| 942 ## - АРТИКУЛИ | |
| Вид на библиотечния материал | Книги |
| Скрит в OPAC | Не |
| Периодичен библиозапис | Да |
| 944 ## - СЪЗДАВАНЕ И РЕДАКЦИЯ на ЗАПИСА | |
| Създаване/Редакция | Създаване |
| Дата на регистрацията/редакция | 2020-07-14 |
| Служител, извършил регистрацията/редакцията | ВК |
| Код за отписване | Код за изгубен артикул | Източник на класификационната схема | Код за повреда | Коз за рестрикции | Код за отдаване | Артикулен № | Име на библиотеката - собственик | Име на библиотеката, в която се намира в момента | Статус (Текущо местоположение) | Дата на вписване в системата | Местоположение - отдел | Цена в лева | Инвентарен номер | Систематично азбучна сигнатура | Баркод | Цена в евро | Служебен тип на артикула |
|---|---|---|---|---|---|---|---|---|---|---|---|---|---|---|---|---|---|
| Не е изгубен | Universal Decimal Classification | Не е повреден | без рестрикции | ползва се в читалня | 784131 | Регионална библиотека "Любен Каравелов" Русе | Регионална библиотека "Любен Каравелов" Русе | Хранилище | 2020-07-15 | Хранилище | 23.00 | 594074 | Цб 177794 | 120000594074 | 11.76 | Книги |